| 000 | 01172nam a2200313 i 4500 | ||
|---|---|---|---|
| 001 | 182992 | ||
| 003 | ES-MaACL | ||
| 005 | 20231028192634.0 | ||
| 008 | 140110s2013 sp a | |||||||| | spa d | ||
| 020 | _a978-84-695-7046-3 | ||
| 080 | _a339.727.24(5/6=411.21:460) | ||
| 080 | _a334.7(460:5/6=411.21) | ||
| 080 | _a330.322(5/6=411.21) | ||
| 100 | 1 |
_aSoler Matutes, Jacinto. _9154109 |
|
| 245 | 1 | 3 |
_aEl nuevo capital árabe : _bprincipales actores y oportunidades para empresas españolas / _cJacinto Soler Matutes, con la colaboración de Ester Muñoz Nogal. |
| 250 | _a1ª ed. | ||
| 260 |
_aMadrid : _bCasa Árabe, _c2013. |
||
| 300 |
_a207 p. : _bil., gráf., mapas ; _c22 cm. |
||
| 490 | 1 | _aBiblioteca de Casa Árabe | |
| 504 | _aBibliografía: p. 175-178. | ||
| 650 | 4 |
_aInversiones árabes- _zEspaña. _9154110 |
|
| 650 | 4 |
_aEmpresas españolas- _zPaíses árabes. _9154111 |
|
| 650 | 4 |
_aInversiones- _zPaíses árabes. _9154112 |
|
| 700 | 1 |
_aMuñoz Nogal, Ester. _9154113 |
|
| 830 | 0 |
_aBiblioteca de Casa Árabe _9191400 |
|
| 852 |
_aES-MaACL _jA-12943 _9189925 _bR.149815 _cDEPO1 _dOlim: N-5943 |
||
| 942 |
_2udc _cMONOGRAFIA |
||
| 999 |
_c182992 _d182992 |
||